000 00199 a2200097 4500
020 _a9780674033573
041 _aeng
100 _aboyd brian
245 _aon the other origin of stories
942 _cBK
999 _c10925
_d10925